Culture Générale - Série 262 - Statistiques

Statistiques générales
  • Ce quiz a été pris 304 fois
  • Le résultat moyen est 6 sur 10
Statistiques - réponses
Question Réponse % Correct
Dans quel océan le fleuve Niger se jette-t-il ? L'océan Atlantique
94%
Quel animal est le mandrill ? Un singe
87%
Au football, combien de temps dure chacune des deux périodes de la prolongation ? 15 minutes
85%
En 1969, avec qui Serge Gainsbourg interprète-t-il "69 année érotique" ? Jane Birkin
75%
Quel pays d'Europe a été dirigé par les jumeaux Kaczynski de 2006 à 2007 ? La Pologne
70%
Quel saint fut le trésorier des rois Clotaire II et Dagobert Ier ? Saint Eloi
61%
A quel Henri doit-on le roman "Youri", ainsi que des biographies ? Henri Troyat
41%
En 1870, qui a écrit le poème "Ma bohème" ? Arthur Rimbaud
38%
En 1957, quel célèbre chauve incarne le roi dans le film "Le Roi et moi" ? Yul Brynner
31%
Quelle est la monnaie de la Roumanie ? Le leu
28%
Aucun quiz correspondant
Distribution des résultats
% des personnes avec chaque résultat
Percentile par nombre de réponses
Votre historique - résultats
Vous n’avez pas pris ce quiz